000 00580nam a22001697a 4500
003 MACL
005 20160724120202.0
008 160724b xxu||||| |||| 00| 0 eng d
040 _cMACL
041 _aHindi
082 _a320 RAJ
100 _aराजकिशोर
_965176
245 _aमाओवाद, हिंसा और आदिवासी
_cराजकिशोर
260 _aनई दिल्‍ली
_bपौराणिक पब्लिकेशन
_c2011
650 _aराजनितिक विज्ञान
_965177
942 _2ddc
_cHIN
999 _c54858
_d54858